GOSSIP - Måneskin Feat. Tom Morello - All Lyrics - Statistics

General Stats
  • This quiz has been taken 333 times
  • The average score is 253 of 303
Answer Stats
Answer % Correct
the
100%
You
98%
you
98%
a
97%
gossip,
96%
sip
94%
Sip
94%
your
94%
drink
92%
So
92%
'til
92%
Just
91%
just
91%
oh
91%
to
91%
like
90%
all
88%
all,
88%
are
88%
Don’t
88%
don't
88%
iconic,
88%
not
88%
them
88%
burn
87%
act
86%
choke
86%
know
86%
know,
86%
You’re
86%
Welcome
85%
be
84%
down
84%
of
84%
city
82%
is
82%
where
82%
c'mon,
81%
everything
81%
on
81%
place
81%
This
81%
this
81%
and
80%
can
80%
throat
80%
face
79%
lies
78%
star
78%
see
77%
They
77%
circus,
76%
got
75%
movie
75%
plastic
75%
put
75%
want
75%
American
74%
favorite
74%
price
74%
some
74%
under
74%
dream
73%
surface
72%
cover
71%
can't
70%
get
70%
Gonna
70%
never
70%
naked
69%
rug
69%
shit
69%
tonic
66%
with
65%
fakin',
64%
everything's
63%
cool,
62%
fill
62%
they're
61%
acting
60%
gin,
60%
they'll
60%
day
58%
Keep
58%
it's
57%
Nobody
57%
if
56%
blue
55%
night,
55%
take
55%
care
54%
dance
54%
drinkin'
54%
loves
50%
in
49%
pills
49%
gloomy
47%
taste
46%
let's
44%
try,
44%
new
42%
at
40%
think
40%
that's
33%
advice
30%
No matching quizzes found
Score Distribution
Percent of People with Each Score
Percentile by Number Answered
Your Score History
You have not taken this quiz